000 00281nam a22000857a 4500
999 _c504310
_d504310
100 _aMehta, Aasha Kapur
_9272
245 _aElection to the 12th lok sabha: a gender based analysis
_bby Aasha Kapur Mehta
260 _aNew Delhi
_bIndian Institute of Public Administration
300 _a18p.